| 000 | 00675cam a22002291 4500 | ||
|---|---|---|---|
| 001 | sa 65010096 | ||
| 003 | DLC | ||
| 005 | 20260227112206.0 | ||
| 008 | 940325s1957 ii c 000 0 marr | ||
| 010 | _asa 65010096 | ||
| 035 | _a(OCoLC)30023608 | ||
| 040 |
_aDLC _cNRU _dDLC |
||
| 042 | _apremarc | ||
| 050 | 0 | 0 |
_aJQ620.M26 _bA94 |
| 100 | 1 |
_aAtre, Prahlad Keshav, _d1898-1969. |
|
| 245 | 1 | 0 |
_aSih̃agarjanā. _c[Lekhaka] Pralhāda Keśava Atre. |
| 250 | _a[1. āvr̥ti] | ||
| 260 |
_aMumbaī, _bGa. Pā. Parcure Prakāśana Mandira _c[1957] |
||
| 300 |
_a36, 366 p. _bports. _c19 cm. |
||
| 500 | _aIn Marathi. | ||
| 651 | 0 |
_aMaharashtra (India) _xPolitics and government. |
|
| 999 |
_c66558 _d66558 |
||